Case news: Persimmon Homes (Thames Valley) and others v Stevenage Borough Council (Record no. 75500)
[ view plain ]
| 000 -LEADER | |
|---|---|
| fixed length control field | 01586cab a2200205 4500 |
| 001 - CONTROL NUMBER | |
| control field | L130218 |
| 008 - FIXED-LENGTH DATA ELEMENTS--GENERAL INFORMATION | |
| fixed length control field | 050704n2005 000 0 eng u |
| 035 ## - SYSTEM CONTROL NUMBER | |
| System control number | (Sirsi) u130218 |
| 041 ## - LANGUAGE CODE | |
| Language code of text/sound track or separate title | eng |
| 100 ## - MAIN ENTRY--PERSONAL NAME | |
| Personal name | Gordon, Warren |
| 245 ## - TITLE STATEMENT | |
| Title | Case news: Persimmon Homes (Thames Valley) and others v Stevenage Borough Council |
| 260 ## - PUBLICATION, DISTRIBUTION, ETC. | |
| Date of publication, distribution, etc. | 2005 |
| 490 ## - SERIES STATEMENT | |
| Series statement | Property Week |
| Volume/sequential designation | 70(25) 24 June 2005, 83(1) |
| 520 ## - SUMMARY, ETC. | |
| Summary, etc. | Reports on "Persimmon Homes (Thames Valley) and others v Stevenage Borough Council" (2005 EWHC 957 Admin), which examines the meaning of conformity in relation to structure and local plans. The claimant house developer brought a charge against the defendant local authority that it had erred in law in adopting a local plan that was not in general conformity with the structure plan. The structure plan had a provision for the construction of a 1 000 homes but this provision was modified in the local plan to safeguard the land from development unless it could be strategically justified. The court upheld that the local plan was in general conformity with structure plan policy even where it contained a qualification as to the justification or timing of development referred to in the structure plan. |
| 590 ## - LOCAL NOTE (RLIN) | |
| Local note | IKA040705 |
| 650 ## - SUBJECT ADDED ENTRY--TOPICAL TERM | |
| Topical term or geographic name entry element | PERSIMMON HOMES (THAMES VALLEY) AND OTHERS V STEVENAGE BOROUGH COUNCIL |
| 690 ## - LOCAL SUBJECT ADDED ENTRY--TOPICAL TERM (OCLC, RLIN) | |
| Topical term or geographic name as entry element | ENVIRONMENTAL AND LAND CONSULTANCY-PLANNING AND DEVELOPMENT-PLANNING GUIDANCE-LOCAL DEVELOPMENT PLANS |
| 856 ## - ELECTRONIC LOCATION AND ACCESS | |
| Uniform Resource Identifier | <a href="https://www.bailii.org/ew/cases/EWHC/Admin/2005/957.html">https://www.bailii.org/ew/cases/EWHC/Admin/2005/957.html</a> |
| Public note | View the decision free of charge at www.bailii.org... |
| 942 ## - ADDED ENTRY ELEMENTS (KOHA) | |
| Suppress in OPAC | 0 |
| Withdrawn status | Lost status | Source of classification or shelving scheme | Damaged status | Not for loan | Home library | Current library | Shelving location | Date acquired | Total Checkouts | Full call number | Barcode | Date last seen | Copy number | Price effective from | Koha item type |
|---|---|---|---|---|---|---|---|---|---|---|---|---|---|---|---|
| Dewey Decimal Classification | London | London | Journal article | 04/07/2005 | L130218 | 130218-1001 | 06/08/2019 | 1 | 06/08/2019 | Journal article |